000 02535cam a22003977i 4500
999 _c41764
_d41764
001 16129837
003 OSt
005 20221109121125.0
008 100308t20192019maua b 001 0 eng d
010 _a 2010009204
015 _aGBB9G9939
_2bnb
016 7 _a019574838
_2Uk
020 _a9780128126288
_qpaperback
020 _a97801237438600
035 _a(OCoLC)on1124288898
040 _aUKMGB
_beng
_cUKMGB
_erda
_dOCLCO
_dOCLCF
_dBOH
_dYDX
_dTXI
_dMUU
_dDLC
042 _alccopycat
050 0 0 _aQK95
_b.S566 2019
082 0 4 _a580.12
_223
_bSIM/P
100 1 _aSimpson, Michael G.
_q(Michael George),
_d1953-
_eauthor.
_99279
245 1 0 _aPlant systematics /
_cMichael G. Simpson.
250 _aSecond edition.
264 1 _aBurlington, MA :
_bAcademic Press, an imprint of Elsevier,
_c[2010]
300 _a740 pages :
_billustrations (some color) ;
_c28 cm.
336 _atext
_btxt
_2rdacontent
336 _astill image
_2rdacontent
337 _aunmediated
_bn
_2rdamedia
338 _avolume
_bnc
_2rdacarrier
520 _aPlant Systematics, Third Edition, has made substantial contributions to plant systematics courses at the upper-undergraduate and first year graduate level, with the first edition winning The New York Botanical Garden's Henry Allan Gleason Award for outstanding recent publication in plant taxonomy, plant ecology or plant geography. This third edition continues to provide the basis for teaching an introduction to the morphology, evolution and classification of land plants. A foundation of the approach, methods, research goals, evidence and terminology of plant systematics are presented, along with the most recent knowledge of evolutionary relationships of plants and practical information vital to the field. In this new edition, the author includes greatly expanded treatments on families of flowering plants, as well as tropical trees (all with full-color plates), and an updated explanation of maximum likelihood and Bayesian inference algorithms. Chapters on morphology and plant nomenclature have also been enhanced with new material.
650 0 _aPlants
_vClassification.
650 7 _aPlants.
_2fast
_0(OCoLC)fst01065823
655 7 _aClassification.
_2fast
_0(OCoLC)fst01697073
776 0 8 _iebook version :
_z9780128126295
942 _2ddc
_cBK
_h580.12
_iSIM/P
_k580.12
_mSIM/P